| 000 | 00631nam a22002053a 4500 | ||
|---|---|---|---|
| 005 | 20210223124432.0 | ||
| 008 | 011011s1999 mx r 000 0 spa d | ||
| 020 | _a970182329X | ||
| 035 | _aUPN01000112841 | ||
| 049 | _aCG | ||
| 050 | 4 |
_aN25 C5.7 _bE8.7 |
|
| 100 | 1 |
_aEspinosa de los Monteros, Santiago _936655 |
|
| 245 | 1 | 0 |
_aRoger von Gunten : _bla inocente precisión del caos / _cSantiago Espinosa de los Monteros. |
| 260 |
_aMéxico : _bCNCA, _c1999. |
||
| 300 |
_a29, [31] p. : _bil. col. |
||
| 440 | 0 | _aCírculo de arte | |
| 600 | 1 | 4 |
_aGUNTEN, ROGER VON, _d1933- _923664 |
| 650 | 4 |
_aARTISTAS SUIZOS _92082 |
|
| 905 | _aLibro | ||
| 999 |
_c86749 _d86749 |
||